Memoria /
Gespeichert in:
| 1. Verfasser: | |
|---|---|
| Weitere Verfasser: | , |
| Format: | Unbekannt |
| Veröffentlicht: |
San José:
Universidad de Costa Rica. Oficina de Publicaciones
|
| Schlagworte: | |
| Tags: |
Tag hinzufügen
Keine Tags, Fügen Sie den ersten Tag hinzu!
|
MARC
| LEADER | 00000 a2200000 04500 | ||
|---|---|---|---|
| 001 | 10499 | ||
| 003 | |||
| 008 | 991231s d | ||
| 040 | |||
| 090 | |a 136501 | ||
| 100 | |a Bolaños Arquín, Margarita | ||
| 245 | |a Memoria / |c Margarita Bolaños Arquín | ||
| 260 | |a San José: |b Universidad de Costa Rica. Oficina de Publicaciones | ||
| 300 | |a 208 p. | ||
| 650 | |a DESARROLLO AGROPECUARIO | ||
| 650 | |a DESARROLLO FORESTAL | ||
| 650 | |a PROYECTOS AGRICOLAS | ||
| 650 | |a CAPACITACION AGRICOLA | ||
| 650 | |a EXTENSION AGRICOLA | ||
| 650 | |a TECNOLOGIA | ||
| 700 | |a comp | ||
| 700 | |a Bolaños Arquín, Isabel | ||
| 700 | |a comp | ||
| 999 | |c 15687 |d 15687 | ||
